| 000 | 00881nam a22002057a 4500 | ||
|---|---|---|---|
| 005 | 20111013104811.0 | ||
| 008 | 111013t xxu||||| |||| 00| 0 eng d | ||
| 010 | _aENG-103965 | ||
| 020 | _c110.00 | ||
| 035 | _aEN-87498 | ||
| 037 | _bDBAD/PUB | ||
| 040 |
_aDPL _bEng |
||
| 082 | _a346.0467916 | ||
| 245 |
_aThe energy conservation act, 2001 (52 of 2001) as amended by the energy conservation (amendment) act, 2010 (28 of 2010) along with short notes _heng |
||
| 260 |
_aDelhi _bUniversal Law Publishing _c2011 |
||
| 270 |
_aC-FF-1A, Dilkhush Industrial Estate, (Opp. Hans Cinema, Azadpur) G.T. Karnal Road, _bDelhi _e110033 |
||
| 300 |
_ax,126,6p. _c24cm (pbk) |
||
| 942 |
_2ddc _cEN _h346.0467916 _mENE |
||
| 999 |
_c57584 _d57584 |
||